Library Banner

Electrical circuit theory and technology | 2nd (Record no. 29328)

MARC details
000 -LEADER
fixed length control field 00440nam a2200181Ia 4500
001 - CONTROL NUMBER
control field 29256
008 - FIXED-LENGTH DATA ELEMENTS--GENERAL INFORMATION
fixed length control field 140415s9999 xx 000 0 und d
020 ## - INTERNATIONAL STANDARD BOOK NUMBER
International Standard Book Number 81-312-0136-8
040 ## - CATALOGING SOURCE
Transcribing agency PK-LaUMT
082 ## - DEWEY DECIMAL CLASSIFICATION NUMBER
Classification number 621.3815
Item number BIR-E
100 ## - MAIN ENTRY--PERSONAL NAME
Personal name John Bird
245 ## - TITLE STATEMENT
Title Electrical circuit theory and technology
-- 2nd
260 ## - PUBLICATION, DISTRIBUTION, ETC. (IMPRINT)
Place of publication, distribution, etc Boston,USA:
Name of publisher, distributor, etc Newnes,
Date of publication, distribution, etc 2006
300 ## - PHYSICAL DESCRIPTION
Extent 984 p.
546 ## - LANGUAGE NOTE
Language note EN
650 ## - SUBJECT ADDED ENTRY--TOPICAL TERM
Topical term or geographic name as entry element Electric circuits
942 ## - ADDED ENTRY ELEMENTS (KOHA)
Koha item type Books
Holdings
Withdrawn status Lost status Damaged status Not for loan Home library Current library Date acquired Total Checkouts Full call number Barcode Date last seen Price effective from Koha item type
        UMT Main Campus UMT Main Campus 2014-04-15   621.3815 BIR-E 36219 2014-04-25 2014-04-25 Books